| 000 | 00771cap a22002175a 4500 | ||
|---|---|---|---|
| 001 | L140765 | ||
| 008 | 071009e20071006xxkdo f s 000 0 eng d | ||
| 035 | _a(Sirsi) u140765 | ||
| 041 | 0 | _aeng | |
| 100 | 1 | _aClift, Patrick | |
| 245 | 0 | 0 |
_aSector report _bindustrial |
| 260 | _c2007 | ||
| 490 | 0 |
_aEstates Gazette _v0740 6 October 2007, 151-169(7) |
|
| 520 | _aReports on business opportunities for UK firms in Eastern European countries following the expansion of the European Union in 2004. Reports on how the scope of European industrial property is changing as businesses look eastwards to meet their needs. | ||
| 590 | _aka | ||
| 651 | 4 |
_aUnited Kingdom _y |
|
| 651 | 4 | _aEurope | |
| 690 | _aPROPERTY-COMMERCIAL PROPERTY | ||
| 700 | 1 | _aNeale, Jon | |
| 942 | _n0 | ||
| 999 |
_c79342 _d79342 |
||